Catalog

Record Details

Catalog Search



Brave / Disney presents a Pixar Animation Studios ... Read More

Doyle, Patrick, 1953-(Added Author). MacDonald, Kelly, 1976-(Actor). ... Read More
Series: Disney DVD

Available copies

  • 6 of 6 copies available at LARL/NWRL Consortium.

Current holds

0 current holds with 6 total copies.

Show Only Available Copies
Location Call Number / Copy Notes Barcode Shelving Location Status Due Date
Godel Memorial-Warren Library DVD j BRA (Text) 35500006372526 Main Available -
Greenbush Public Library DVD j BRA (Text) 35500006372740 Main Available -
Hallock Public Library DVD j BRA (Text) 35500004797492 Main Available -
Red Lake Falls Public Library DVD j BRA (Text) 35500004795165 Main Available -
Roseau Public Library DVD j BRA (Text) 35500004795173 Main Available -
Roseau Public Library DVD j BRA (Text) 35500004795207 Main Available -

Record details

  • ISBN: 9786314840341
  • Physical Description: 1 videodisc (93 min.) : sd., col. ; 4 3/4 in.
  • Publisher: [United States] : Disney ; c2012.

Content descriptions

General Note:
Originally released as a motion picture in 2012.
Bonus features: "The legend of Mordu" short ; "La luna" theatrical short ; audio commentaries.
Creation/Production Credits Note:
Original score by Patrick Doyle ; film editor, ... Read More
Participant or Performer Note:
Voices: Kelly Macdonald, Billy Connolly, Emma ... Read More
Summary, etc.:
Princess Merida, an archer and self-reliant young ... Read More
Target Audience Note:
MPAA rating: PG; for some scary action and rude ... Read More
System Details Note:
DVD, region 1; widescreen; Dolby Digital, 2.0 ... Read More
Language Note:
English, French or Spanish dialogue; Spanish, ... Read More
Subject: Archers > Scotland > Juvenile drama.
Scotland > Juvenile drama.
Magic > Juvenile drama.
Archers > Scotland > Drama.
Magic > Drama.
Scotland > Drama.
Tiro con arco > Escocia > Teatro.
Escocia > Teatro.
Magia > Teatro.
Genre: Feature films.
Children's films.
Fiction films.
Computer animation films.
Animated films.
Video recordings for the hearing impaired.
LDR 05356cgm a2200949Ic 4500
001146524
003LARL_NWRL_CONSORTIUM
00520190813203314.0
007vd cvaizq
008120914s2012 xxu093 j vaeng d
019 . ‡a811780960
020 . ‡a9786314840341
02410. ‡a786936813111
02842. ‡a10676300 ‡bDisney
02842. ‡a8026761 ‡bDisney
02842. ‡a106763 ‡bDisney
035 . ‡a(OCoLC)809950145 ‡z(OCoLC)811780960
08204. ‡a791.43/72 ‡223
24510. ‡aBrave / ‡cDisney presents a Pixar Animation Studios film ; screenplay by Mark Andrews ... [et al.] ; produced by Katherine Sarafian ; directed by Mark Andrews and Brenda Chapman.
257 . ‡aGreat Britain ‡aUnited States. ‡2naf
260 . ‡a[United States] : ‡bDisney ; ‡aBurbank, CA : ‡bDistributed by Buena Vista Home Entertainment, ‡cc2012.
300 . ‡a1 videodisc (93 min.) : ‡bsd., col. ; ‡c4 3/4 in.
4900 . ‡aDisney DVD
538 . ‡aDVD, region 1; widescreen; Dolby Digital, 2.0 surround (English), 5.1 surround (English, French and Spanish).
546 . ‡aEnglish, French or Spanish dialogue; Spanish, English or French subtitles. English subtitles for the deaf and hard-of-hearing. Audio described.
5110 . ‡aVoices: Kelly Macdonald, Billy Connolly, Emma Thompson, Julie Walters, Robbie Coltrane.
508 . ‡aOriginal score by Patrick Doyle ; film editor, Nicholas C. Smith ; director of photography, Robert Anderson ; story by Brenda Chapman.
500 . ‡aOriginally released as a motion picture in 2012.
5218 . ‡aMPAA rating: PG; for some scary action and rude humor.
520 . ‡aPrincess Merida, an archer and self-reliant young woman, makes a decision which defies custom and brings chaos to her kingdom. To restore her kingdom, she must rely on her bravery and archery skills.
500 . ‡aBonus features: "The legend of Mordu" short ; "La luna" theatrical short ; audio commentaries.
650 0. ‡aArchers ‡zScotland ‡vJuvenile drama.
651 0. ‡aScotland ‡vJuvenile drama.
650 0. ‡aMagic ‡vJuvenile drama.
650 1. ‡aArchers ‡zScotland ‡vDrama.
650 1. ‡aMagic ‡vDrama.
651 1. ‡aScotland ‡vDrama. ‡0(LARL_NWRL_CONSORTIUM)168832
650 7. ‡aTiro con arco ‡zEscocia ‡vTeatro. ‡2bidex
651 7. ‡aEscocia ‡vTeatro. ‡2bidex
650 7. ‡aMagia ‡vTeatro. ‡2bidex
655 7. ‡aFeature films. ‡2lcgft ‡0(LARL_NWRL_CONSORTIUM)175625
655 7. ‡aChildren's films. ‡2lcgft ‡0(LARL_NWRL_CONSORTIUM)175624
655 7. ‡aFiction films. ‡2lcgft ‡0(LARL_NWRL_CONSORTIUM)175626
655 7. ‡aComputer animation films. ‡2lcgft
655 7. ‡aAnimated films. ‡2lcgft ‡0(LARL_NWRL_CONSORTIUM)175704
655 7. ‡aVideo recordings for the hearing impaired. ‡2lcgft ‡0(LARL_NWRL_CONSORTIUM)175744
7001 . ‡aDoyle, Patrick, ‡d1953- ‡0(LARL_NWRL_CONSORTIUM)142864
7001 . ‡aMacDonald, Kelly, ‡d1976- ‡4act ‡0(LARL_NWRL_CONSORTIUM)146257
7001 . ‡aConnolly, Billy. ‡4act ‡0(LARL_NWRL_CONSORTIUM)98965
7001 . ‡aThompson, Emma. ‡4act ‡0(LARL_NWRL_CONSORTIUM)99481
7001 . ‡aWalters, Julie, ‡d1950- ‡4act ‡0(LARL_NWRL_CONSORTIUM)144770
7001 . ‡aColtrane, Robbie. ‡4act ‡0(LARL_NWRL_CONSORTIUM)140047
7001 . ‡aAndrews, Mark. ‡4aus ‡4drt
7001 . ‡aSarafian, Katherine. ‡4pro
7001 . ‡aChapman, Brenda. ‡4drt ‡0(LARL_NWRL_CONSORTIUM)136186
901 . ‡a146524 ‡bOCLC ‡c146524 ‡tbiblio

Additional Resources